000
00315nam a22001337a 4500
999
_c
532903
_d
532903
003
NUST
038
_a
M.Ramzan
082
_a
388
_b
TAI
100
_a
Tain, A.K.
_9
26515
245
_a
Making Infrastructure work /
260
_a
New Delhi:
_b
Discovery publishing House,
_c
2011.
300
_a
414 p, :
942
_2
ddc
_c
BK